Quizzes
Events
Quiz Creation
Community
Videos
Private Events
Remove Ads
Sign In
Join for FREE
Feedback
Dark Mode
Quiz Categories
Sports
Geography
Music
Movies
Television
Just For Fun
Miscellaneous
History
Literature
Language
Science
Gaming
Entertainment
Religion
Holiday
For Kids
Quiz Lab
Recent
Popular Today
Quiz Kudos Today
Editor Picks
Curator Picks
Quizzes by...
Day
Popularity
Type
Ratings
Length
Year
Community
Subscriptions
Recent Discussions
Orange Saloon
Badges
Playlists
Quests
Create
Leaderboards
Showdown
Live 5
Trivia Bingo
Activity
Puzzle Library
Sporcle Events
Private Events
Virtual Trivia
Globe League
Become a Host
Pub Owners
SporcleCon
Opinionation
Our Games
Videos
Blog
Mobile Apps
Partnerships
Remove Ads and Go Orange
Feedback
Music
Pop Music
The Beatles
Song
Album
Lyrics
Bands
Singers
Artist
Clip
Rock
Rap
Classical
Billboard
Country Music
Kpop
Taylor Swift
Music
Pop Music
The Beatles
Song
Album
Lyrics
Bands
Singers
Artist
Clip
Rock
Rap
Classical
Billboard
Country Music
Kpop
Taylor Swift
Random Quiz
Search Sporcle
×
Quiz Lab
Quiz Lab
Music
Kpop
Click on regions of an image
Click on regions of an image
Picture Click
Best Score? Go Orange.
Oh My Girl, Pristin, Twice & Weki Meki Member Click Stats
The holy quartet.
By
Oncelvis
15m
35 Questions
1,354 Plays
1,354 Plays
1,354 Plays
Comments
Comments
Give Quiz Kudos
Give Quiz Kudos
-
- Ratings
hide this ad
Forced Order
Answers have to be entered in order
Answers have to be entered in order
Replay
Link that replays current quiz
Next Quiz
Link to next quiz in quiz playlist
You Got
0%
They Got
Avg Score
61%
Avg Friend Score
Upgrade to see
Score Distribution
Jump to the score distribution portion of the page
Score
0/35
Timer
15:00
0
Plays Today
% Correct
Momo
87.4%
Dahyun
87%
Tzuyu
85.5%
Nayeon
85.1%
Mina
84.9%
Sana
84.8%
Chaeyoung
84.8%
Jihyo ♡
84.7%
Jeongyeon
84.6%
Doyeon
76.6%
Nayoung ♡
71.2%
Kyulkyung
70.2%
Yoojung
68.9%
Kyla
60.4%
Xiyeon
59.9%
YooA
58.8%
Eunwoo
54.3%
Arin
54%
% Correct
Sei
52.6%
Roa
52.5%
Hyojung
51.7%
Seunghee
50.7%
Yuha
50.6%
Binnie ♡
49.8%
Mimi
49.5%
Lucy
48.9%
Lua
48.6%
Suyeon ♡
47.8%
Yehana
47.7%
Elly
46.9%
Rena
46.9%
Rina
46.7%
Jiho
45.2%
Sungyeon
44.7%
JinE
43.2%
Quiz Playlist
Details
Report
Send in Message
Add To Playlist
Picture Click:
Click on regions of an image
Forced Order:
Answers have to be entered in order
Last Updated: Sep 10, 2017
Quiz Scoreboard
CHALLENGE
Sign Up to Join the Scoreboard
Show All
Scores
Hide
Comments
May contain spoilers
Recently Published
An Introduction to Baseball
by treessimontrees
Sports
5m
Movies - When Are They Set?
by FPL_Elf
Movies
5m
Popular People in 1961
by mucciniale
History
6m
More to Explore
Quiz From the Vault
Featured Blog Post
Where Did the Easter Bunny Come From?
hide this ad
You Might Also Like...
Tags
Kpop Quiz
Girl Groups
Kpop Idol
Kpop Quiz
pristin
South Korea
Twice
Today's Top Quizzes in Music
Browse Music
hide this ad
Today's Top Quizzes in Kpop
Browse Kpop
Top Contributed Quizzes in Music
1
Taylor Swift All Songs (2024)
2
2010s Album by Cover III
3
Guess the Artist- 70s Songs
4
One Thing in Common: Music
5
Taylor Swift Logic Puzzle
6
Guess the Taylor Swift song (Mystery Song)
7
2010s Album by Cover IV
8
2010s Album by Cover V
9
KPOP LOGIC QUIZ
10
Kpop Logic Quiz
Explore More
Trending Topics
Harry Potter
Crossword
Marvel
Kpop
Anime
NBA
Disney
WWE
The Office
NFL
Puzzle
Country
Pokémon
Song
Soccer
hide this ad
More By:
Oncelvis
Quiz
Plays
Rating
Category
Featured
Created
Sort the 'Reputation' Lyrics to Songs
2,273
4.50
Music
Nov 12, 2017
SHIMMixes' 2017 K-Pop Mash-Up [Audio Quiz]
1,750
5.00
Music
Jan 30, 2018
Boy Groups with the most Spotify Followers
1,728
4.36
Music
Jul 26, 2017
Guess Iconic K-Pop Songs in 3 Seconds
1,681
4.45
Music
Jul 15, 2017
Girl Groups with the most Spotify Followers
1,389
4.20
Music
Jul 26, 2017
Go to Creator's Profile
Score Distribution
Quiz Creator Spotlight
Oncelvis
Follow
Send a Message
Quizzes Created
-
Created Quiz Play Count
-
More By This Creator
Popular Quizzes Today
1
Find the Countries of Europe - No Outlines Minefield
2
Find the US States - No Outlines Minefield
3
The Countries of the World
4
Popular People in 1961
5
US States
6
1-10 Letter E Words III
7
Find the US States
8
Risky Map Clicking: Biggest States A-Z
More Music Quizzes
🍆 One-word E Song Titles
Quiz Lab
Trending Quizzes
Risky Map Clicking: Least Populous States A-Z
1-10 Letter F Words
1-10 Letter G Words
One Thing in Common: United Kingdom
Risky Map Clicking: Next State Alphabetically
Recently Updated
Leaping Animals
pecheneg
Reality TV Shows (A-Z)
bhenderson79
Rickey Henderson's Hall of Fame Teammates
pecheneg
Champions League XIs: Arsenal
pecheneg
Quick Pick: Celebrities in WWE's Hall of Fame
aduchscher
A-Z Keypad Blitz II
pecheneg
Multiple Oscar Actors
pecheneg
Mystery Phrase Blitz: Oscar 'Best Actors'
pecheneg
F. Scott Fitzgerald Novels
LTH
Pick 3 Villains
ddd62291
Trending Topics
Harry Potter
Disney
Crossword
Marvel
NBA
Kpop
Anime
Pokémon
The Office
Soccer
Country
NFL
WWE
Song
Puzzle
Your Account Isn't Verified!
In order to create a playlist on Sporcle, you need to verify the email address you used during registration. Go to your
Sporcle Settings
to finish the process.
Report this User
Report this user for behavior that violates our
Community Guidelines
.
Details:
Send Report
Go to the Sporcle.com Mobile Site →
Comments